| 000 | 05379nam a2200277 4500 | ||
|---|---|---|---|
| 003 | NALT | ||
| 005 | 20250917162632.0 | ||
| 008 | 250721b th ||||| |||| 00| 0 tha d | ||
| 040 | _aNALT | ||
| 086 | _aสผ 19 7.3 577.276 2563 | ||
| 110 | 2 |
_aสำนักงานเลขาธิการสภาผู้แทนราษฎร. _bสำนักกรรมาธิการ 3. _bกลุ่มงานคณะกรรมาธิการการป้องกันและบรรเทาผลกระทบจากภัยธรรมชาติและสาธารณภัย _918104 |
|
| 245 | 1 | 0 |
_aรายงานของคณะกรรมาธิการวิสามัญพิจารณาศึกษาแนวทางการป้องกันและแก้ไขปัญหาฝุ่นละออง ขนาดเล็ก (PM 2.5) อย่างเป็นระบบ สภาผู้แทนราษฎร เรื่อง แนวทางการป้องกันและแก้ไขปัญหาฝุ่นละอองขนาดเล็ก (PM 2.5) อย่างเป็นระบบ / _cกลุ่มงานคณะกรรมาธิการการป้องกันและบรรเทาผลกระทบจากภัยธรรมชาติและสาธารณภัย สำนักกรรมาธิการ 3 สำนักงานเลขาธิการสภาผู้แทนราษฎร. |
| 260 |
_aกรุงเทพฯ : _bสำนักกรรมาธิการ 3 สำนักงานเลขาธิการสภาผู้แทนราษฎร , _c2563. |
||
| 300 |
_a222 หน้า : _bภาพประกอบ, ตาราง, แผนที่, แผนภูมิ ; _c29 ซม. |
||
| 505 | 2 | _aบทที่ 1 บทนำ -- 1.1 ความเป็นมาและความสำคัญของปัญหา -- 1.2 วัตถุประสงค์ของการศึกษา -- 1.3 ขอบเขตของการศึกษา -- 1.4 วิธีการศึกษา -- 1.5 ระยะเวลาในการศึกษา -- 1.6 ประโยชน์ที่คาดว่าจะได้รับ -- บทที่ 2 การรวบรวมและการทบทวนข้อมูลพื้นฐานที่เกี่ยวข้อง -- 2.1 ข้อมูลจากหน่วยงานหรือบุคคลต่าง ๆ นำเสนอต่อคณะกรรมาธิการ -- 2.2 สรุปผลการดำเนินงานของคณะอนุกรรมาธิการ -- 2.3 การเดินทางศึกษาดูงานของคณะกรรมาธิการ -- 2.4 ข้อมูลเกี่ยวกับหน้าที่และอำนาจของผู้ว่าราชการจังหวัดและนายกเทศมนตรี ในการบริหารจัดการหรือการป้องกันและแก้ไขปัญหาฝุ่นละอองขนาดเล็ก (PM 2.5) และมลพิษทางอากาศ -- 2.5 ข้อมูลผลการสำรวจความคิดเห็นของประชาชนเกี่ยวกับแนวทางการป้องกันและแก้ไขปัญหาฝุ่นละอองขนาดเล็ก (PM 2.5) ของสวนดุสิตโพล -- บทที่ 3 สภาพปัญหา อุปสรรค ผลการพิจารณา และข้อเสนอแนะ -- บทที่ 4 บทสรุปและข้อสังเกตของคณะกรรมาธิการ -- 4.1 บทสรุปรายงานการศึกษา -- 4.2 ข้อสังเกตของคณะกรรมาธิการ. | |
| 610 | 2 | 4 |
_aคณะกรรมาธิการวิสามัญพิจารณาศึกษาแนวทางการป้องกันและแก้ไขปัญหาฝุ่นละออง ขนาดเล็ก (PM 2.5) อย่างเป็นระบบ สภาผู้แทนราษฎร _xรายงาน _966397 |
| 650 | 4 |
_aฝุ่นละออง _xการป้องกัน _966399 |
|
| 650 | 4 |
_aมลพิษทางอากาศ _95261 |
|
| 710 | 2 |
_aคณะกรรมาธิการวิสามัญพิจารณาศึกษาแนวทางการป้องกันและแก้ไขปัญหาฝุ่นละออง ขนาดเล็ก (PM 2.5) อย่างเป็นระบบ สภาผู้แทนราษฎร _966398 |
|
| 856 | 4 | 0 | _uhttps://prt.parliament.go.th/items/1f1dc566-a7ae-40cd-8f88-732093cf9998 |
| 942 |
_cPAR _2local |
||
| 996 |
_anapasorn.k _bLIBSTF _c2025-07-21 |
||
| 996 |
_ajamriang.p _bCATSTF _c2025-08-06 |
||
| 999 |
_c107001 _d107001 |
||
| 998 |
_j111 _k นางสาวพจพิณ พรมเอี่ยม |
||